[Event "Leuven op 15th"]
[Site "Leuven"]
[Date "2003.11.09"]
[Round "4"]
[White "Hass, Roman"]
[Black "Phillips, Thomas"]
[Result "1/2-1/2"]
[WhiteElo "2338"]
[BlackElo "2238"]
[PlyCount "66"]
[EventDate "2003.11.07"]
[EventType "swiss"]
[EventRounds "9"]
[EventCountry "BEL"]
[SourceTitle "EXT 2004"]
[Source "ChessBase"]
[SourceDate "2003.11.25"]
[SourceVersion "1"]
[SourceVersionDate "2003.11.25"]
[SourceQuality "1"]

1. c4 Nf6 2. Nc3 g6 3. Nf3 Bg7 4. g3 d5 5. cxd5 Nxd5 6. Bg2 0-0 7. 0-0 c5 8. Qb3 Nxc3 9. dxc3 Nc6 10. Qb5 Qa5 11. Qb3 Qc7 12. Rd1 b6 13. Be3 Ba6 14. Qc2 Rad8 15. Rxd8 Rxd8 16. Rd1 Na5 17. Bc1 Rd7 18. Bf1 Bb7 19. Bg2 b5 20. Rxd7 Qxd7 21. b3 Bc6 22. Bd2 Nb7 23. Bc1 a5 24. Ne1 Bxg2 25. Kxg2 Nd8 26. Bb2 Qc6+ 27. f3 c4 28. Kf1 Qc5 29. Ng2 h5 30. Qd2 Kh7 31. Qe3 Qxe3 32. Nxe3 b4 33. Nd1 Kg8 1/2-1/2

[Event "Leuven op 15th"]
[Site "Leuven"]
[Date "2003.11.09"]
[Round "5"]
[White "Stinis, Steven"]
[Black "Hass, Roman"]
[Result "1-0"]
[WhiteElo "2089"]
[BlackElo "2338"]
[PlyCount "69"]
[EventDate "2003.11.07"]
[EventType "swiss"]
[EventRounds "9"]
[EventCountry "BEL"]
[SourceTitle "EXT 2004"]
[Source "ChessBase"]
[SourceDate "2003.11.25"]
[SourceVersion "1"]
[SourceVersionDate "2003.11.25"]
[SourceQuality "1"]

1. Nc3 e5 2. Nf3 Nc6 3. d4 exd4 4. Nxd4 Bb4 5. Nxc6 Bxc3+ 6. bxc3 bxc6 7. Qd4 Qf6 8. h4 Rb8 9. Bg5 Qxd4 10. cxd4 Rb2 11. Kd2 d6 12. e4 Be6 13. Bd3 f6 14. Bf4 Ne7 15. Rhb1 Rb6 16. a4 0-0 17. a5 Rbb8 18. c4 Rxb1 19. Rxb1 Bc8 20. c5 Ng6 21. Bg3 dxc5 22. Bc4+ Kh8 23. dxc5 Re8 24. Bxc7 Rxe4 25. Rb8 Re8 26. Bf7 Rf8 27. Bd6 Rd8 28. Be6 Ne7 29. Kc2 Bxe6 30. Rxd8+ Ng8 31. Ra8 h6 32. Rxa7 f5 33. Bf8 g5 34. h5 Nf6 35. Bg7+ 1-0

[Event "POL-chT 47th"]
[Site "Mikolajki"]
[Date "1991.09.??"]
[Round "8"]
[White "Hass, Roman"]
[Black "Sarwinski, Miroslaw"]
[Result "1-0"]
[WhiteElo "2350"]
[BlackElo "2405"]
[PlyCount "43"]
[EventDate "1991.09.20"]
[EventType "team-swiss"]
[EventRounds "9"]
[EventCountry "POL"]
[SourceTitle "EXT 2019"]
[Source "ChessBase"]
[SourceDate "2018.10.10"]
[SourceVersion "1"]
[SourceVersionDate "2018.10.10"]
[SourceQuality "1"]
[WhiteTeam "Warszawa Legion"]
[BlackTeam "Warszawa Polonia"]
[WhiteTeamCountry "POL"]
[BlackTeamCountry "POL"]

1. Nf3 Nf6 2. c4 g6 3. Nc3 d5 4. cxd5 Nxd5 5. Qa4+ Bd7 6. Qh4 Nf6 7. e4 Bg4 8. Ne5 Be6 9. f4 Nbd7 10. d4 c6 11. Be3 Qa5 12. 0-0-0 Bg7 13. Bd3 Nb6 14. Bd2 Na4 15. d5 cxd5 16. Bb5+ Kf8 17. Bxa4 d4 18. f5 Qxe5 19. fxe6 dxc3 20. Bxc3 Qxe6 21. e5 Qg4 22. exf6 1-0

[Event "POL-chT 47th"]
[Site "Mikolajki"]
[Date "1991.09.??"]
[Round "1"]
[White "Hass, Roman"]
[Black "Wojcieszyn, Jacenty"]
[Result "1/2-1/2"]
[WhiteElo "2350"]
[BlackElo "2315"]
[PlyCount "87"]
[EventDate "1991.09.20"]
[EventType "team-swiss"]
[EventRounds "9"]
[EventCountry "POL"]
[SourceTitle "EXT 2019"]
[Source "ChessBase"]
[SourceDate "2018.10.10"]
[SourceVersion "1"]
[SourceVersionDate "2018.10.10"]
[SourceQuality "1"]
[WhiteTeam "Warszawa Legion"]
[BlackTeam "Lublin Start"]
[WhiteTeamCountry "POL"]
[BlackTeamCountry "POL"]

1. d4 f5 2. c4 Nf6 3. Nc3 g6 4. Bf4 Bg7 5. e3 d6 6. h4 Nbd7 7. Nf3 0-0 8. Qb3 c6 9. 0-0-0 Qe8 10. c5+ d5 11. Ng5 e5 12. dxe5 Nxe5 13. Be2 h6 14. Nf3 Neg4 15. Rhf1 b6 16. cxb6 axb6 17. Qxb6 Ne4 18. Nxe4 fxe4 19. Nd4 Bd7 20. Kb1 Ne5 21. Rd2 Qe7 22. Rc1 Rfc8 23. Bxe5 Qxe5 24. Nxc6 Rxc6 25. Rxc6 Rb8 26. Qc7 Rxb2+ 27. Kc1 Rxd2 28. Kxd2 Qb2+ 29. Rc2 Qb4+ 30. Kc1 Ba4 31. Qc8+ Kh7 32. h5 Bb2+ 33. Kd1 gxh5 34. Bxh5 Bg7 35. Qf5+ Kh8 36. Qc8+ Kh7 37. Kc1 Qa3+ 38. Kd2 Qb4+ 39. Kd1 Qb1+ 40. Kd2 Qb4+ 41. Kc1 Qa3+ 42. Kd2 Qb4+ 43. Kd1 Qb1+ 44. Kd2 1/2-1/2

[Event "POL-chB"]
[Site "Bielsko Biala"]
[Date "1991.??.??"]
[Round "8"]
[White "Hass, Roman"]
[Black "Zyla, Janusz"]
[Result "0-1"]
[WhiteElo "2280"]
[BlackElo "2240"]
[PlyCount "62"]
[EventDate "1991.??.??"]
[EventType "swiss"]
[EventRounds "11"]
[EventCountry "POL"]
[SourceTitle "EXT 1997"]
[Source "ChessBase"]
[SourceDate "1996.11.15"]
[SourceVersion "1"]
[SourceVersionDate "1996.11.15"]
[SourceQuality "1"]

1. Nf3 Nf6 2. c4 g6 3. Nc3 Bg7 4. e4 d6 5. d4 0-0 6. Be2 e5 7. 0-0 Nc6 8. Be3 Ng4 9. Bg5 f6 10. Bc1 f5 11. Bg5 Bf6 12. Bxf6 Nxf6 13. exf5 gxf5 14. Qd2 Ne4 15. Qe3 Nxc3 16. Qxc3 e4 17. Ne1 f4 18. Nc2 Qg5 19. Kh1 Rf6 20. Rg1 Rh6 21. h3 Kh8 22. Bf1 Bd7 23. Re1 Rg8 24. g3 e3 25. Rg2 f3 26. Rh2 exf2 27. d5+ Ne5 28. Rxe5 dxe5 29. Qxf3 Qxg3 30. Qxf2 Bf5 31. Qxg3 Rxg3 0-1

[Event "POL-chB"]
[Site "Bielsko Biala"]
[Date "1991.??.??"]
[Round "9"]
[White "Kornasiewicz, Stanislaw"]
[Black "Hass, Roman"]
[Result "1-0"]
[WhiteElo "2275"]
[BlackElo "2280"]
[PlyCount "87"]
[EventDate "1991.??.??"]
[EventType "swiss"]
[EventRounds "11"]
[EventCountry "POL"]
[SourceTitle "EXT 1997"]
[Source "ChessBase"]
[SourceDate "1996.11.15"]
[SourceVersion "1"]
[SourceVersionDate "1996.11.15"]
[SourceQuality "1"]

1. e4 c5 2. d3 Nc6 3. g3 g6 4. Bg2 Bg7 5. c3 b6 6. Be3 Bb7 7. Ne2 Nf6 8. Nf4 0-0 9. Nd5 Ne8 10. Bg5 h6 11. Bd2 Ne5 12. Qe2 Ba6 13. c4 Nc6 14. Nbc3 Nd4 15. Qd1 e6 16. Ne3 f5 17. exf5 gxf5 18. Nc2 d5 19. b3 f4 20. gxf4 Qh4 21. Nxd4 Bxd4 22. Qf3 Kh8 23. Rc1 Nf6 24. Qg3 Qh5 25. Qh3 Qg6 26. Ne2 Rg8 27. Nxd4 cxd4 28. Rg1 dxc4 29. bxc4 Bb7 30. Bxb7 Qxg1+ 31. Ke2 Qg7 32. Bxa8 Rxa8 33. Qg3 Qh7 34. Qh4 Ng8 35. Bb4 Qd7 36. Rg1 b5 37. c5 a5 38. Bd2 Rf8 39. Qh5 Rf6 40. Qe5 Qd8 41. c6 Qf8 42. c7 Ne7 43. c8Q Nxc8 44. Rg6 1-0

[Event "POL-chB"]
[Site "Bielsko Biala"]
[Date "1991.??.??"]
[Round "11"]
[White "Muc, Tomasz"]
[Black "Hass, Roman"]
[Result "1-0"]
[WhiteElo "2275"]
[BlackElo "2280"]
[PlyCount "117"]
[EventDate "1991.??.??"]
[EventType "swiss"]
[EventRounds "11"]
[EventCountry "POL"]
[SourceTitle "EXT 1997"]
[Source "ChessBase"]
[SourceDate "1996.11.15"]
[SourceVersion "1"]
[SourceVersionDate "1996.11.15"]
[SourceQuality "1"]

1. e4 c5 2. Nf3 d6 3. d4 cxd4 4. Qxd4 Nc6 5. Bb5 Bd7 6. Bxc6 Bxc6 7. Nc3 Nf6 8. Bg5 e6 9. 0-0-0 Be7 10. Rhe1 0-0 11. Kb1 Qc7 12. Qd2 Rfd8 13. Nd4 Be8 14. f4 b5 15. Ndxb5 Bxb5 16. Nxb5 Qb7 17. Nc3 h6 18. Bxf6 Bxf6 19. Rc1 Rab8 20. b3 Qb4 21. Re3 Rbc8 22. Kb2 Rxc3 23. Rxc3 Qxe4 24. Kb1 Bxc3 25. Qxc3 Qxg2 26. Qc7 Qa8 27. Rg1 g6 28. h4 h5 29. Qe7 Kg7 30. Re1 Qc8 31. Qxa7 Rd7 32. Qd4+ Kg8 33. Qf6 Rd8 34. a4 Rf8 35. Kb2 Qc5 36. Re2 Re8 37. Qc3 Qf5 38. Qc6 Rd8 39. Re4 d5 40. Rb4 e5 41. Qc7 Rf8 42. Qxe5 Qg4 43. Qf6 Qf3 44. a5 Qf2 45. Qb6 Qe2 46. Qb7 Qd2 47. a6 d4 48. Rc4 d3 49. Qd5 Qf2 50. Qxd3 Qxh4 51. Qc3 Qd8 52. a7 Qa8 53. Rc7 h4 54. b4 Kh7 55. Qf6 Kg8 56. Qxh4 Qe4 57. Qe7 Qd4+ 58. Kb3 Qxf4 59. Qxf8+ 1-0

[Event "POL-chT 46th play-off"]
[Site "Bydgoszcz"]
[Date "1990.09.24"]
[Round "3"]
[White "Wlodarczyk, Robert"]
[Black "Hass, Roman"]
[Result "1-0"]
[WhiteElo "2255"]
[BlackElo "2335"]
[PlyCount "83"]
[EventDate "1990.09.22"]
[EventType "team-k.o."]
[EventRounds "3"]
[EventCountry "POL"]
[SourceTitle "EXT 2019"]
[Source "ChessBase"]
[SourceDate "2018.10.10"]
[SourceVersion "1"]
[SourceVersionDate "2018.10.10"]
[SourceQuality "1"]
[WhiteTeam "Wroclaw Politechnika"]
[BlackTeam "Warszawa Legion"]
[WhiteTeamCountry "POL"]
[BlackTeamCountry "POL"]

1. d4 Nf6 2. c4 e6 3. Nc3 Bb4 4. Nf3 c5 5. e3 Nc6 6. Bd3 Bxc3+ 7. bxc3 d6 8. Nd2 e5 9. d5 Ne7 10. Qc2 Qd7 11. f3 h5 12. h4 Kd8 13. Nb3 Qa4 14. e4 Nd7 15. Be3 Nb6 16. Nd2 Qe8 17. Kf2 Bd7 18. Qb2 f6 19. Qa3 Nbc8 20. Qa5+ Nb6 21. Rab1 Nec8 22. Nb3 Rb8 23. Nxc5 dxc5 24. Bxc5 f5 25. Be3 Qf7 26. c5 fxe4 27. Bxe4 Bf5 28. cxb6 axb6 29. Qa4 Bxe4 30. Qxe4 Ra8 31. Rb3 Re8 32. Rd1 b5 33. d6 Ra4 34. Qd5 Qd7 35. Bc1 Rxa2+ 36. Kg1 Na7 37. Bg5+ Kc8 38. c4 b4 39. Rxb4 Nc6 40. Rb5 Nd4 41. Rc5+ Kb8 42. Rc7 1-0

[Event "Bratislava Novy Memorial 7th"]
[Site "Bratislava"]
[Date "1989.07.02"]
[Round "2"]
[White "Mandak, Miroslav"]
[Black "Hass, Roman"]
[Result "0-1"]
[WhiteElo "2040"]
[BlackElo "2355"]
[PlyCount "86"]
[EventDate "1989.07.01"]
[EventType "swiss"]
[EventRounds "9"]
[EventCountry "CZE"]
[SourceTitle "EXT 2005"]
[Source "ChessBase"]
[SourceDate "2004.11.15"]
[SourceVersion "1"]
[SourceVersionDate "2004.11.15"]
[SourceQuality "1"]

1. e4 c5 2. Nf3 d6 3. d4 cxd4 4. Nxd4 Nf6 5. Nc3 Nc6 6. Be2 e5 7. Nf5 Bxf5 8. exf5 d5 9. 0-0 d4 10. Nb1 Be7 11. Re1 0-0 12. Bf3 Qd7 13. g4 Rfe8 14. Nd2 Bb4 15. a3 Ba5 16. b4 Bd8 17. Ne4 h6 18. Qd3 Rc8 19. c4 Nb8 20. Bd2 Qc7 21. Rac1 Nbd7 22. c5 Be7 23. Bd1 Nxe4 24. Qxe4 Bh4 25. Qd3 Nf6 26. Rf1 Rcd8 27. f3 e4 28. fxe4 Rxe4 29. Bf3 Nxg4 30. Bxg4 Rxg4+ 31. Kh1 Qc6+ 32. Rf3 Re8 33. Rcf1 Bg5 34. h3 Rg3 35. Bxg5 hxg5 36. Kh2 Rxf3 37. Rxf3 Qd5 38. Kg3 Re1 39. Kf2 Qe5 40. Qd2 Re4 41. Qxg5 Qh2+ 42. Kf1 Qh1+ 43. Kf2 Qe1+ 0-1

[Event "Bratislava Novy Memorial 7th"]
[Site "Bratislava"]
[Date "1989.07.01"]
[Round "1"]
[White "Hass, Roman"]
[Black "Skrovina, Milan"]
[Result "1-0"]
[WhiteElo "2355"]
[BlackElo "1980"]
[PlyCount "57"]
[EventDate "1989.07.01"]
[EventType "swiss"]
[EventRounds "9"]
[EventCountry "CZE"]
[SourceTitle "EXT 2005"]
[Source "ChessBase"]
[SourceDate "2004.11.15"]
[SourceVersion "1"]
[SourceVersionDate "2004.11.15"]
[SourceQuality "1"]

1. e4 d6 2. d4 g6 3. Nf3 Bg7 4. Be2 Nf6 5. Nc3 0-0 6. 0-0 Nc6 7. d5 Nb8 8. Bg5 c5 9. Nd2 h5 10. h3 Nh7 11. Be3 a6 12. a4 f5 13. exf5 Bxf5 14. g4 hxg4 15. hxg4 Bd7 16. Kg2 e5 17. Nde4 Qe7 18. Rh1 Be8 19. Qd2 Nd7 20. Rh3 Ndf6 21. Rah1 Bd7 22. Qd3 Bxg4 23. Bxg4 Nxg4 24. Rxh7 Nxe3+ 25. Qxe3 Rf4 26. Qh3 Rd8 27. Rh8+ Kf7 28. Qe6+ Qxe6 29. dxe6+ 1-0

[Event "Legion op 6th"]
[Site "Warsaw"]
[Date "1989.01.22"]
[Round "11"]
[White "Weglarz, Leszek"]
[Black "Hass, Roman"]
[Result "1-0"]
[WhiteElo "2325"]
[BlackElo "2355"]
[PlyCount "79"]
[EventDate "1989.01.12"]
[EventType "swiss"]
[EventRounds "11"]
[EventCountry "POL"]
[SourceTitle "EXT 1997"]
[Source "ChessBase"]
[SourceDate "1996.11.15"]
[SourceVersion "1"]
[SourceVersionDate "1996.11.15"]
[SourceQuality "1"]

1. d4 Nf6 2. Nf3 e6 3. e3 b6 4. Bd3 Bb7 5. 0-0 Be7 6. Nbd2 c5 7. c3 Nc6 8. dxc5 bxc5 9. e4 d6 10. Re1 0-0 11. Nf1 Nd7 12. Bf4 Qc7 13. Qe2 f6 14. Bc4 Nd8 15. Rad1 Ne5 16. Nxe5 fxe5 17. Bc1 Rf6 18. Ne3 Rg6 19. Nf5 Nf7 20. Nxe7+ Qxe7 21. b4 cxb4 22. cxb4 Rd8 23. Bd3 Ng5 24. Kh1 Rf8 25. f3 Rh6 26. Be3 a5 27. bxa5 d5 28. a6 Ba8 29. exd5 Bxd5 30. Bxg5 Qxg5 31. Qxe5 Qh4 32. Re4 Bxe4 33. Bxe4 Rf4 34. h3 Qg3 35. Rd8+ Kf7 36. Qc7+ Kf6 37. Rf8+ Kg5 38. Qxf4+ Qxf4 39. Rxf4 Kxf4 40. a7 1-0

[Event "Legion op 6th"]
[Site "Warsaw"]
[Date "1989.01.19"]
[Round "8"]
[White "Gruenberg, Hans Ulrich"]
[Black "Hass, Roman"]
[Result "1-0"]
[WhiteElo "2475"]
[BlackElo "2355"]
[PlyCount "103"]
[EventDate "1989.01.12"]
[EventType "swiss"]
[EventRounds "11"]
[EventCountry "POL"]
[SourceTitle "EXT 1997"]
[Source "ChessBase"]
[SourceDate "1996.11.15"]
[SourceVersion "1"]
[SourceVersionDate "1996.11.15"]
[SourceQuality "1"]

1. d4 Nf6 2. c4 c5 3. d5 d6 4. Nc3 g6 5. e4 Bg7 6. Nf3 0-0 7. Bd3 e6 8. 0-0 exd5 9. exd5 Bg4 10. h3 Bxf3 11. Qxf3 Nfd7 12. Be2 Na6 13. Bd2 Qb6 14. Na4 Qc7 15. a3 Rae8 16. Rfe1 f5 17. Bf1 Nf6 18. Rxe8 Rxe8 19. Nc3 Ne4 20. Nxe4 fxe4 21. Qb3 Bd4 22. Be3 Qg7 23. Rb1 Rf8 24. Re1 b6 25. Qc2 Bxb2 26. Qxe4 Nc7 27. a4 Re8 28. Qg4 Qf7 29. Rb1 Qg7 30. Rd1 Re7 31. h4 Ne8 32. Qc8 Qf7 33. g3 Qf3 34. Rd3 Qf8 35. Bh3 Ng7 36. Qxf8+ Kxf8 37. Bf4 Re1+ 38. Kg2 Be5 39. Re3 Rxe3 40. Bxe3 Ke7 41. Kf3 Ne8 42. Ke4 Nf6+ 43. Kd3 Ne8 44. f4 Ba1 45. Ke4 Kf6 46. g4 Kf7 47. g5 Ng7 48. Bg4 Bc3 49. Bf2 Ke7 50. Bg3 Ne8 51. f5 Nc7 52. f6+ 1-0

[Event "Legion op 6th"]
[Site "Warsaw"]
[Date "1989.01.17"]
[Round "6"]
[White "Hass, Roman"]
[Black "Autowicz, Zenon"]
[Result "1-0"]
[WhiteElo "2355"]
[BlackElo "2215"]
[PlyCount "59"]
[EventDate "1989.01.12"]
[EventType "swiss"]
[EventRounds "11"]
[EventCountry "POL"]
[SourceTitle "EXT 1997"]
[Source "ChessBase"]
[SourceDate "1996.11.15"]
[SourceVersion "1"]
[SourceVersionDate "1996.11.15"]
[SourceQuality "1"]

1. c4 e6 2. d4 d5 3. Nc3 f5 4. Nf3 Nf6 5. Bf4 c6 6. e3 Bb4 7. Qb3 a5 8. Bd3 Ne4 9. 0-0 Nd7 10. Rad1 Ndf6 11. Ne5 Bxc3 12. bxc3 g5 13. Bg3 h5 14. f3 Nxg3 15. hxg3 Nd7 16. e4 h4 17. gxh4 Nxe5 18. dxe5 Qc7 19. exf5 Qxe5 20. Rfe1 Qg3 21. fxe6 Rh6 22. h5 Rxe6 23. Rxe6+ Bxe6 24. Qxb7 Rb8 25. Qxc6+ Kf7 26. Bg6+ Ke7 27. Qc5+ Kd8 28. Qxa5+ Kd7 29. Bf5 Rb2 30. Qxd5+ 1-0

[Event "Lodz"]
[Site "Lodz"]
[Date "1989.??.??"]
[Round "8"]
[White "Maciejewski, Andrzej"]
[Black "Hass, Roman"]
[Result "1-0"]
[WhiteElo "2375"]
[BlackElo "2355"]
[PlyCount "63"]
[EventDate "1989.??.??"]
[EventType "tourn"]
[EventRounds "13"]
[EventCountry "POL"]
[EventCategory "5"]
[SourceTitle "EXT 1999"]
[Source "ChessBase"]
[SourceDate "1998.11.16"]
[SourceVersion "1"]
[SourceVersionDate "1998.11.16"]
[SourceQuality "1"]

1. e4 c5 2. c3 d5 3. exd5 Qxd5 4. d4 Nf6 5. Nf3 Nc6 6. Be2 cxd4 7. cxd4 e6 8. Nc3 Qd6 9. 0-0 Be7 10. Bg5 0-0 11. Qd2 b6 12. Bf4 Qd8 13. a3 Bb7 14. Rfe1 Rc8 15. Bg3 Na5 16. Qd3 Nc4 17. Ra2 Nd5 18. Nb1 Nd6 19. Ne5 Nf5 20. Bf3 Nxg3 21. hxg3 Qc7 22. b3 Rfd8 23. Rae2 Nf6 24. Bxb7 Qxb7 25. b4 b5 26. Nd2 Rd5 27. Nb3 Bd6 28. Qf3 Qe7 29. Ng4 Nxg4 30. Qxg4 Rc3 31. Re3 Rc2 32. Qe4 1-0

[Event "Lodz"]
[Site "Lodz"]
[Date "1989.??.??"]
[Round "1"]
[White "Rakowiecki, Tomasz"]
[Black "Hass, Roman"]
[Result "1/2-1/2"]
[WhiteElo "2320"]
[BlackElo "2355"]
[PlyCount "37"]
[EventDate "1989.??.??"]
[EventType "tourn"]
[EventRounds "13"]
[EventCountry "POL"]
[EventCategory "5"]
[SourceTitle "EXT 1999"]
[Source "ChessBase"]
[SourceDate "1998.11.16"]
[SourceVersion "1"]
[SourceVersionDate "1998.11.16"]
[SourceQuality "1"]

1. d4 Nf6 2. c4 e6 3. Nc3 Bb4 4. g3 c5 5. Nf3 cxd4 6. Nxd4 0-0 7. Bg2 d5 8. cxd5 Nxd5 9. Bd2 Nxc3 10. bxc3 Ba5 11. 0-0 e5 12. Nb3 Nc6 13. Qc2 Bg4 14. Be3 Bb6 15. Rfd1 Qe7 16. Bxb6 axb6 17. Rd2 Rfd8 18. Rad1 Be6 19. Bd5 1/2-1/2

[Event "Lodz"]
[Site "Lodz"]
[Date "1989.??.??"]
[Round "10"]
[White "Zielinski, Marek"]
[Black "Hass, Roman"]
[Result "1-0"]
[WhiteElo "2345"]
[BlackElo "2355"]
[PlyCount "51"]
[EventDate "1989.??.??"]
[EventType "tourn"]
[EventRounds "13"]
[EventCountry "POL"]
[EventCategory "5"]
[SourceTitle "EXT 1999"]
[Source "ChessBase"]
[SourceDate "1998.11.16"]
[SourceVersion "1"]
[SourceVersionDate "1998.11.16"]
[SourceQuality "1"]

1. e4 e5 2. Nf3 Nc6 3. Bb5 Nf6 4. d3 Bc5 5. c3 d6 6. d4 exd4 7. cxd4 Bb4+ 8. Kf1 Ba5 9. Qa4 Bb6 10. d5 0-0 11. dxc6 Ng4 12. Bg5 f6 13. Bh4 g5 14. Bg3 f5 15. Qb3+ Kg7 16. Qc3+ Kg6 17. exf5+ Bxf5 18. Nbd2 bxc6 19. Bxc6 Rb8 20. h4 d5 21. Ne5+ Nxe5 22. Qxe5 Bc5 23. hxg5 Qxg5 24. Nf3 Bd3+ 25. Kg1 Qxe5 26. Nxe5+ 1-0

[Event "Olomouc Sigma 21th"]
[Site "Olomouc"]
[Date "1988.08.12"]
[Round "2"]
[White "Beil, Zdenek"]
[Black "Hass, Roman"]
[Result "1/2-1/2"]
[WhiteElo "2390"]
[BlackElo "2330"]
[PlyCount "24"]
[EventDate "1988.08.11"]
[EventType "tourn"]
[EventRounds "11"]
[EventCountry "CSR"]
[EventCategory "4"]
[SourceTitle "EXT 2005"]
[Source "ChessBase"]
[SourceDate "2004.11.15"]
[SourceVersion "1"]
[SourceVersionDate "2004.11.15"]
[SourceQuality "1"]

1. d4 Nf6 2. Nf3 c5 3. d5 d6 4. Nc3 g6 5. e4 Bg7 6. Bb5+ Bd7 7. a4 0-0 8. 0-0 Na6 9. Re1 Nc7 10. Bf1 a6 11. a5 Nb5 12. Bd2 Nd4 1/2-1/2

[Event "Legion-AdW match"]
[Site "Warsaw"]
[Date "1988.06.11"]
[Round "2.3"]
[White "Thormann, Wolfgang"]
[Black "Hass, Roman"]
[Result "1/2-1/2"]
[WhiteElo "2300"]
[BlackElo "2330"]
[PlyCount "98"]
[EventDate "1988.06.10"]
[EventType "team"]
[EventRounds "2"]
[EventCountry "POL"]
[SourceTitle "EXT 2012"]
[Source "ChessBase"]
[SourceDate "2011.11.24"]
[SourceVersion "1"]
[SourceVersionDate "2011.11.24"]
[SourceQuality "1"]

1. e4 c5 2. Nc3 a6 3. f4 d6 4. Nf3 Nc6 5. d3 b5 6. g3 Bb7 7. Bg2 e6 8. 0-0 Be7 9. Ne2 d5 10. c3 dxe4 11. dxe4 Qxd1 12. Rxd1 Nf6 13. Ng5 Ng4 14. h3 Bxg5 15. hxg4 Be7 16. Be3 Na5 17. b3 f6 18. Rd2 Kf7 19. Rad1 Rhc8 20. Nc1 c4 21. Bb6 Nc6 22. Rd7 Nd8 23. b4 Bc6 24. R7d2 Rcb8 25. Bc7 Rc8 26. Bb6 Ke8 27. Ne2 e5 28. g5 Nf7 29. gxf6 gxf6 30. Kf2 Rcb8 31. Ba5 h6 32. Ke3 Ra7 33. Bh3 Bd8 34. Bxd8 Rxd8 35. Rxd8+ Nxd8 36. fxe5 fxe5 37. Rd6 a5 38. a3 axb4 39. axb4 Rh7 40. Bf5 Rh8 41. Ng1 Ke7 42. Rg6 Be8 43. Ra6 Rg8 44. Kf2 Bc6 45. Nf3 Kd6 46. Ra1 Nf7 47. g4 Ra8 48. Rxa8 Bxa8 49. Ke3 Ng5 1/2-1/2

[Event "Berlin East AdW 5th"]
[Site "Berlin East"]
[Date "1988.??.??"]
[Round "1"]
[White "Hass, Roman"]
[Black "Heinig, Wolfram"]
[Result "1/2-1/2"]
[WhiteElo "2330"]
[BlackElo "2305"]
[PlyCount "149"]
[EventDate "1988.11.08"]
[EventType "tourn"]
[EventRounds "9"]
[EventCountry "DDR"]
[EventCategory "5"]
[SourceTitle "EXT 2001"]
[Source "ChessBase"]
[SourceDate "2000.11.22"]
[SourceVersion "1"]
[SourceVersionDate "2000.11.22"]
[SourceQuality "1"]

1. d4 Nf6 2. c4 d6 3. Nf3 g6 4. g3 Bg7 5. Bg2 0-0 6. Nc3 Nbd7 7. 0-0 e5 8. e4 exd4 9. Nxd4 Re8 10. h3 a6 11. Rb1 Rb8 12. b3 c5 13. Nc2 b5 14. Qxd6 b4 15. Nd5 Nxe4 16. Qc7 Bb7 17. Qxd8 Rbxd8 18. Nc7 Re7 19. Bf4 Ne5 20. Rbd1 Red7 21. Ne3 Nd3 22. Ncd5 Nxf4 23. Bxe4 Bxd5 24. cxd5 Ne2+ 25. Kg2 Nc3 26. Bf3 Nxd1 27. Rxd1 a5 28. Nc4 Ra7 29. d6 Bd4 30. Bc6 Kf8 31. Re1 Ra6 32. Bb5 Raxd6 33. Nxd6 Rxd6 34. Re8+ Kg7 35. Bc4 Bf6 36. Kf3 Rd2 37. Re2 Rxe2 38. Kxe2 Bd4 39. Kd3 Kf6 40. f3 Ke7 41. Ke4 f5+ 42. Kf4 Kf6 43. g4 g5+ 44. Kg3 f4+ 45. Kg2 Be3 46. Kf1 Ke5 47. Ke2 Kd4 48. Bf7 Kc3 49. Be6 h6 50. Bd5 Kb2 51. Kd3 Kxa2 52. Kc2 Ka3 53. Be6 Bf2 54. Bf7 Bd4 55. Be6 Be5 56. Bf7 Bc7 57. Be6 a4 58. bxa4 Kxa4 59. Bd7+ Ka3 60. Be6 Ba5 61. Bb3 Bc7 62. Be6 b3+ 63. Bxb3 Kb4 64. Be6 c4 65. Bf5 Ba5 66. Be4 Kc5 67. Kd1 Kd4 68. Ke2 Kc3 69. Bd5 Kb4 70. Be4 Ka3 71. Bd5 Kb4 72. Be4 c3 73. Bc2 Kc4 74. Kd1 Kd4 75. Ke2 1/2-1/2

[Event "Berlin East AdW 5th"]
[Site "Berlin East"]
[Date "1988.??.??"]
[Round "4"]
[White "Hass, Roman"]
[Black "Kalinitschew, Sergey"]
[Result "0-1"]
[WhiteElo "2330"]
[BlackElo "2425"]
[PlyCount "80"]
[EventDate "1988.11.08"]
[EventType "tourn"]
[EventRounds "9"]
[EventCountry "DDR"]
[EventCategory "5"]
[SourceTitle "EXT 2001"]
[Source "ChessBase"]
[SourceDate "2000.11.22"]
[SourceVersion "1"]
[SourceVersionDate "2000.11.22"]
[SourceQuality "1"]

1. Nf3 Nf6 2. c4 d6 3. g3 e5 4. Bg2 g6 5. Nc3 Bg7 6. 0-0 0-0 7. d3 Nc6 8. Bg5 h6 9. Bxf6 Qxf6 10. Rc1 Qd8 11. Nd5 Nd4 12. b4 c6 13. Nc3 Ne6 14. b5 Bd7 15. bxc6 bxc6 16. Qa4 Qc7 17. Nd2 Rab8 18. Nb3 f5 19. Qa5 Qxa5 20. Nxa5 Rb6 21. Nb3 Ra6 22. e3 Rb8 23. Rfd1 Kf7 24. Kf1 h5 25. Ke2 h4 26. Rb1 e4 27. d4 Rb4 28. Rdc1 hxg3 29. hxg3 Rxc4 30. Nd2 Rxc3 31. Rxc3 Rxa2 32. Rb7 Ke8 33. Rcb3 Bxd4 34. exd4 Nxd4+ 35. Ke3 Nxb3 36. Nxb3 Kd8 37. Nd4 c5 38. Nb5 d5 39. Nd6 Ke7 40. Nf7 Kxf7 0-1

[Event "Berlin East AdW 5th"]
[Site "Berlin East"]
[Date "1988.??.??"]
[Round "6"]
[White "Hass, Roman"]
[Black "Wagner Michel, Annett"]
[Result "1-0"]
[WhiteElo "2330"]
[BlackElo "2225"]
[PlyCount "143"]
[EventDate "1988.11.08"]
[EventType "tourn"]
[EventRounds "9"]
[EventCountry "DDR"]
[EventCategory "5"]
[SourceTitle "EXT 2001"]
[Source "ChessBase"]
[SourceDate "2000.11.22"]
[SourceVersion "1"]
[SourceVersionDate "2000.11.22"]
[SourceQuality "1"]

1. d4 d5 2. c4 e6 3. Nc3 Be7 4. Nf3 Nf6 5. Bg5 0-0 6. e3 h6 7. Bh4 b6 8. Qb3 Bb7 9. Bxf6 Bxf6 10. cxd5 exd5 11. Rd1 c6 12. Bd3 Re8 13. 0-0 Nd7 14. e4 Nf8 15. e5 Be7 16. Rfe1 Bc8 17. h3 Ne6 18. Bb1 g6 19. a3 Nc7 20. Ne2 Bf8 21. Rd2 Qe7 22. Nf4 Ne6 23. Qe3 Bg7 24. Ne2 Bb7 25. Nh2 c5 26. f4 cxd4 27. Nxd4 Nxf4 28. Qxf4 Bxe5 29. Rde2 Bxd4+ 30. Qxd4 Qxe2 31. Rxe2 Rxe2 32. Bd3 Re1+ 33. Kf2 Re6 34. Ng4 h5 35. Nf6+ Kf8 36. Nxd5 Bxd5 37. Qxd5 Rae8 38. Kg3 Re5 39. Qd6+ Kg7 40. h4 Re3+ 41. Kf4 Re1 42. Qd4+ Kh7 43. Qf6 R8e7 44. Bc4 Rc7 45. Bd5 Rf1+ 46. Bf3 Rfc1 47. Ke5 Rd7 48. Be4 Rc5+ 49. Kf4 Kg8 50. b3 Rd1 51. Qe7 Rf1+ 52. Bf3 Ra5 53. b4 Rf5+ 54. Kg3 a5 55. Qd8+ Kh7 56. Qxb6 Ra1 57. bxa5 Rxa3 58. a6 Rfa5 59. Qf6 Rxa6 60. Qxf7+ Kh8 61. Qf8+ Kh7 62. Qe7+ Kh8 63. Kf4 Ra7 64. Bb7 R3a5 65. Qf6+ Kh7 66. Be4 Rg7 67. Qb6 Rf7+ 68. Kg3 Ra3+ 69. Kh2 Rg7 70. Qc5 Ra4 71. Qxh5+ Kg8 72. Bd5+ 1-0